| 000 | 00759nam a2200241Ia 4500 | ||
|---|---|---|---|
| 003 | OSt | ||
| 005 | 20220923224122.0 | ||
| 006 | a|||||r|||| 00| 0 | ||
| 007 | ta | ||
| 008 | Pun | ||
| 024 | _a225,821 | ||
| 037 | _cTextual | ||
| 040 |
_aARTS _cARTS _bPun |
||
| 041 |
_2Pun _aPun |
||
| 082 | _aO44:g, 153N0 | ||
| 100 | _aਸਤਿੰਦਰ ਸਿੰਘ, ਥਦ. | ||
| 245 | 0 | _aਤੁਲਨਾਤਮਕ ਭਾਰਤੀ ਸਾਹਿਤ | |
| 260 |
_aਅੰਮ੍ਰਿਤਸਰ _b ਗੁਰੂ ਨਾਨਕ ਦੇਵ ਯੁਨਿਵਰਸਿਟੀ _c1990 |
||
| 300 |
_a427O3ਪੰ _ccm. |
||
| 650 | _aਪੰਜਾਬੀ ਸਾਹਿਤ | ||
| 942 |
_hO44:g, 153N0 _cTEXL _2CC |
||
| 999 |
_c369353 _d369353 |
||